000 00753nam a2200253 i 4500
001 C2-0216124
003 PPAK
005 20180728104747.0
008 990512s1996 my a|||| ||||| | eng d
020 _a9839910639
040 _aPPAK
_beng
_cPPAK
_erda
082 0 4 _a581.52642
_2 23
090 0 0 _a581.52642
_bAZM
_dR
100 0 _aAzman Ibrahim,
_eauthor
245 1 4 _aThe rainforest of Malaysia :
_ba celebration of nature
264 1 _aKuala Lumpur :
_bRusli Hashim Fine Art ,
_c1996
300 _a96 pages :
_bcolour illustrations ;
_c28 cm
336 _2rdacontent
_atext
337 _2rdamedia
_aunmediated
338 _2rdacarrier
_avolume
650 1 0 _aRain forest - Malaysia ; Rain forest in Art
700 _eauthor
942 _ddc
_cB
999 _c159800
_d159800